Rail network co-operation in the age of information technology and high speed

में बचाया:
ग्रंथसूची विवरण
निगमित लेखक: European Conference of Ministers of Transport.
स्वरूप: पुस्तक
भाषा:Undetermined
प्रकाशित: Paris ECMT 1989
विषय:
टैग : टैग जोड़ें
कोई टैग नहीं, इस रिकॉर्ड को टैग करने वाले पहले व्यक्ति बनें!
Thư viện lưu trữ: Trung tâm Học liệu Trường Đại học Cần Thơ
LEADER 00604nam a2200193Ia 4500
001 CTU_86760
008 210402s9999 xx 000 0 und d
082 |a 388.3 
082 |b E89 
110 |a European Conference of Ministers of Transport. 
245 0 |a Rail network co-operation in the age of information technology and high speed 
245 0 |c European Conference of Ministers of Transport. 
260 |a Paris 
260 |b ECMT 
260 |c 1989 
650 |a High speed ground transportation 
650 |z Europe 
904 |i Năm 
980 |a Trung tâm Học liệu Trường Đại học Cần Thơ